Analýza vybraných výsledkov sčítania obyvateľov na Slovensku bakalárska práca

Saved in:
Bibliographic Details
Main Author: Barčíková, Soňa
Corporate Author: Fakulta hospodárskej informatiky EU. Katedra štatistiky
Other Authors: Hurbánková, Ľubica, 1980-
Format: Book
Language:Slovak
Published: Bratislava 2013
Tags: Add Tag
No Tags, Be the first to tag this record!

MARC

LEADER 00000nbm a2200000 4500
001 0173242
005 20161109112148.8
041 0 |a slo 
044 |a SK 
245 1 0 |a Analýza vybraných výsledkov sčítania obyvateľov na Slovensku  |b bakalárska práca  |c Soňa Barčíková ; školiteľ: Ľubica Hurbánková 
264 1 |a Bratislava  |c 2013 
300 |a 42 s. 
100 1 |a Barčíková, Soňa 
700 1 |a Hurbánková, Ľubica, 1980- 
710 2 |a Fakulta hospodárskej informatiky EU. Katedra štatistiky